Holiday Quiz

Random Holiday or Word Play Quiz

Backward Halloween Match-Up Quiz Stats

Quiz Updated Oct 17, 2017

Challenge
Share
Tweet
Score 0/35 Timer 05:00
0 Plays Today
% Correct
FLOW
92.1%
KCITS
91.4%
EIB
90.8%
NIK
90%
TS
89.9%
THGI
89.7%
ERIP
89.6%
DRA
89.2%
YMM
89%
NOTE
87.6%
ENOTS
84.9%
NIL
84.8%
NIF
83.5%
YKO
79.9%
BEW
79.8%
HCT
79.3%
THGIL
78.6%
YRET
78.2%
% Correct
REBO
77.8%
GNINET
76%
MOTN
73.5%
RETS
73.1%
DET
72.9%
NERD
72.6%
EMUT
69.5%
TIRI
69.1%
NORD
67.9%
SKC
64.9%
RED
63.4%
KS
58.7%
STA
58.6%
RELL
55.2%
EGN
54.7%
ERBA
53%
ECN
45.4%

You're not logged in!

Compare scores with friends on all Sporcle quizzes.
Sign Up with Email
OR
Log In

You Might Also Like...

Show Comments

Extras

Top Quizzes Today


Score Distribution

Your Account Isn't Verified!

In order to create a playlist on Sporcle, you need to verify the email address you used during registration. Go to your Sporcle Settings to finish the process.

Report this User

Report this user for behavior that violates our Community Guidelines.

Details: